Powiaty Polski w 1968-Nagła śmierć #2 - Statystyki

Ogólne statystyki
  • Ten quiz został rozwiązany 31 razy
  • Średni wynik to 6 z 15
Answers on the Grid
Answers color-coded by a green-red scale on the quiz's grid according to % correct below.
bychawski
bełżycki
żyrardowski
tatrzański
karkonoski
bystrzycki
Szczecin
Wrocław
Nowy Bytom
Ruda
Bielsko
Biała
wałecki
łapski
ełcki
ciechocinecki
aleksandrowski(woj. łódzkie)
wieluński
Jaworzno
turczański
sokalski
szczeciński
szczecinecki
goleniowski
międzyrzecki
miastecki
Tczew
zduńskowolski
starachowicki
skarżyski
 
Statystyki odpowiedzi
Odpowiedź % Poprawnych
bełżycki
86%
bychawski
86%
Szczecin
71%
bystrzycki
43%
łapski
43%
wieluński
43%
Wrocław
43%
ełcki
29%
Jaworzno
29%
międzyrzecki
29%
szczecinecki
29%
wałecki
29%
goleniowski
14%
miastecki
14%
Tczew
14%
Nie znaleziono quizów pasujących do podanych kryteriów
Rozkład punktacji
Procent ludzi z każdym wynikiem
Percentyl według liczby udzielonych odpowiedzi
Twoja historia wyników
Nie rozwiązałeś tego quizu